000 002810000a22000970004500
100 1 _aFuller, Daniel P.
245 1 0 _aBiblical theology and the analogy of fatih
300 _aVol. 14, Núm 2 (1997), Páginas 65-74
773 0 _tInternational Journal of Frontier Misions
942 _cANA
999 _c55197
_d55197